| 000 | 00788nam a2200265 i 4500 | ||
|---|---|---|---|
| 001 | 3523 | ||
| 003 | BD-RjUL | ||
| 005 | 20211208233739.0 | ||
| 008 | 131219s1974 enk 001 0 eng | ||
| 020 | _a0224009362 : | ||
| 035 | _a(BD-RjUL)3557 | ||
| 040 |
_aDLC _cDLC _dDLC _dBD-RjUL _beng |
||
| 041 | 1 | _aengspa | |
| 082 | 0 | 0 |
_a335.009 _bVAM 1974 |
| 100 | 2 |
_aVAYO, Alvarez del J. _d1891- _911109 |
|
| 245 | 1 | 4 |
_aThe march of socialism / _c[by] J. Alvarez del Vayo ; translated [from the Spanish MS] by Joseph M. Bernstein. |
| 260 |
_aLondon : _bCape, _cc1974. |
||
| 300 |
_a426 p. ; _c23 cm. |
||
| 504 | _aIncludes index. | ||
| 650 | 0 |
_aSocialism _xHistory. _910723 |
|
| 650 | 0 |
_aRevolutions _xHistory. _911110 |
|
| 942 |
_2ddc _cBK |
||
| 999 |
_c3523 _d3523 |
||